International financial statistics (Registro nro. 8547)

Detalles MARC
000 -LEADER
fixed length control field 01075nas a2200253 454500
001 - CONTROL NUMBER
control field 20599
005 - DATE AND TIME OF LATEST TRANSACTION
control field 20260407193506.0
008 - FIXED-LENGTH DATA ELEMENTS--GENERAL INFORMATION
fixed length control field 260407s1967####ag###########|||spa#d
003 - CONTROL NUMBER IDENTIFIER
control field AR-UNSa-BCEJYS
040 ## - CATALOGING SOURCE
Original cataloging agency AR-UNSa-BCEJYS
Language of cataloging spa
Transcribing agency AR-UNSa-BCEJYS
080 ## - UNIVERSAL DECIMAL CLASSIFICATION NUMBER
Universal Decimal Classification number 339.7
Common auxiliary subdivision Finanzas Internacionales
022 ## - INTERNATIONAL STANDARD SERIAL NUMBER
International Standard Serial Number 0020-6725
100 1# - MAIN ENTRY--PERSONAL NAME
Personal name Fondo Monetario Internacional
245 10 - TITLE STATEMENT
Title International financial statistics
Number of part/section of a work Estadisticas financieras internacionales
264 #1 - PRODUCTION, PUBLICATION, DISTRIBUTION, MANUFACTURE, AND COPYRIGHT NOTICE
Place of production, publication, distribution, manufacture Washington :
Name of producer, publisher, distributor, manufacturer Fondo Monetario Internacional
Date of production, publication, distribution, manufacture, or copyright notice 1967
310 ## - CURRENT PUBLICATION FREQUENCY
Current publication frequency Frecuencia: Mensual<br/>Port: títulos y texto en español<br/>Port: titres et texte en francais<br/>Cambia de Director a partir del Vol. XXXI, Nº 2 por Werner Dannemann<br/>Cambio de ISSN: 0252-3078
590 ## - LOCAL NOTE (RLIN)
Local note niveau_biblio:s niveau_hierar:1
650 ## - SUBJECT ADDED ENTRY--TOPICAL TERM
Topical term or geographic name entry element Sistema monetario internacional
650 ## - SUBJECT ADDED ENTRY--TOPICAL TERM
Topical term or geographic name entry element Estadísticas financieras
650 ## - SUBJECT ADDED ENTRY--TOPICAL TERM
Topical term or geographic name entry element FINANZAS INTERNACIONALES
700 1# - ADDED ENTRY--PERSONAL NAME
Personal name Hicks, Earl
856 41 - ELECTRONIC LOCATION AND ACCESS
Uniform Resource Identifier <a href="https://biblioeco.unsa.edu.ar/pmb/images/revistas/International Financial Statistics.jpg">https://biblioeco.unsa.edu.ar/pmb/images/revistas/International Financial Statistics.jpg</a>
Link text Imagen de portada
Electronic format type image/jpeg
942 ## - ADDED ENTRY ELEMENTS (KOHA)
Koha item type

No hay ítems disponibles.